|
|
|
|
| LEADER |
00000nab a22000005a 4500 |
| 001 |
AR-BbUGT10101 |
| 003 |
AR-BbUGT |
| 005 |
20210622171329.0 |
| 007 |
ta |
| 008 |
171018s2015||||ag |||p |||| 0|||||spa d |
| 040 |
|
|
|a AR-BbUGT
|c AR-BbUGT
|
| 100 |
1 |
|
|a Lucero, Franco Gastón
|
| 245 |
1 |
0 |
|a Problemas y conflictos ambientales :
|b estado de situación de la ciudad de Río Cuarto (Córdoba, Argentina) /
|c Franco Gastón Lucero.
|
| 530 |
|
|
|a Disponible también en formato digital.
|
| 651 |
|
4 |
|a Río Cuarto (Argentina)
|9 302
|
| 653 |
|
|
|a Problemas ambientales
|
| 653 |
|
|
|a Medio ambiente
|
| 653 |
|
|
|a Espacio urbano
|
| 773 |
0 |
|
|o R7553.44
|g Vol. 24, no. 2 (2015), p. 69-89
|t Revista Universitaria de Geografía
|x 0326-8373
|w AR-BbUGT7010
|
| 773 |
1 |
|
|o R7554.44
|w AR-BbUGT7010
|
| 773 |
1 |
|
|o R7555.44
|w AR-BbUGT7010
|
| 773 |
1 |
|
|o R7556.44
|w AR-BbUGT7010
|
| 773 |
1 |
|
|o R7557.44
|w AR-BbUGT7010
|
| 856 |
4 |
1 |
|3 Texto completo.
|u https://www.redalyc.org/articulo.oa?id=383243530003
|y Red de Información Científica Redalyc
|
| 942 |
|
|
|2 ddc
|c ARTPP
|
| 999 |
|
|
|c 15635
|d 15635
|